| 000 | 00781nam a2200265 a 4500 | ||
|---|---|---|---|
| 001 | 000114377 | ||
| 003 | CHAP | ||
| 005 | 20220329144438.0 | ||
| 008 | 180117s1983 cu |r| ||||||spa d | ||
| 010 | _a110838 | ||
| 011 | _a111810 | ||
| 040 | _cCHAP | ||
| 082 | 0 | 4 |
_a973.8 _bB46 |
| 100 | 1 |
_aBenítez, José A. _9134361 |
|
| 245 | 1 | 0 |
_aMartí y Estados Unidos / _cpor José A. Benítez. |
| 260 |
_aLa Haban, Cuba : _bEditora Politica, _c1983. |
||
| 300 | _a161 p. | ||
| 590 |
_aBATCH-UPD _b05 _c20180117 _lUCH01 _h0922 |
||
| 590 |
_aE5765TAJ _b05 _c20180117 _lUCH01 _h0921 |
||
| 600 | 1 | 4 |
_aMartí, José, _d1853-1895 _xPuntos de vista sobre EE. UU. _9134359 |
| 651 | 0 |
_aEstados Unidos _xPolítica y gobierno _ySiglo XIX. _9134360 |
|
| 901 | _aBK | ||
| 942 | _cLIBRO | ||
| 942 | _n0 | ||
| 999 |
_c110838 _d110838 |
||